Chama-se o Dr. Kildare! (Record no. 44685)
[ view plain ]
| 000 -Etiqueta do registo | |
|---|---|
| Valores | 00628cam a22002291 4500 |
| 100 ## - Dados gerais de processamento | |
| Dados gerais | 19950726d1966 m y0pory5003 ba |
| 101 1# - Língua de publicação | |
| Língua | por |
| 102 ## - País de publicação | |
| País | PT |
| 200 1# - Titulo e menção de responsabilidade | |
| Título próprio | Chama-se o Dr. Kildare! |
| Primeira menção de responsabilidade | Max Brand |
| Outras menções de responsabilidade | trad. de Maria Adelaide Correia |
| 205 ## - Menção da edição | |
| Edição | 1.ª ed. |
| 210 #9 - Publicação | |
| Local de publicação | Amadora |
| Nome do editor | Editorial Ibis, |
| Data de publicação | 1966 |
| 215 ## - Descrição física | |
| Paginação / Volumes | 184, 1 p. |
| Dimensões | 18 cm |
| 225 2# - Colecção | |
| Título próprio da colecção | Confidências |
| Indicação de volume | 17 |
| 304 ## - Nota relativa ao título | |
| Texto de nota | Tit. orig.: Calling Dr. Kildare |
| 532 12 - | |
| Título desenvolvido | Chama-se o Doutor Kildare |
| 675 ## - CDU | |
| Notação | 821.111(73)-31 |
| 700 #1 - Autor principal | |
| Apelido | Brand, |
| Nome | Max, |
| 702 #1 - Autor secundário | |
| Apelido | Correia, |
| Nome | Maria Adelaide |
| Função | 730 |
| 801 #0 - Fonte de origem | |
| País | PT |
| Agência | BN |
| Regras de catalogação | RPC |
| 990 ## - Elementos KOHA | |
| Tipo de documento | Livro |
| Aquisição | Empréstimo | Código de barras | Cota | Permissão de empréstimo | Tipo de documento |
|---|---|---|---|---|---|
| Biblioteca Municipal de Redondo | Biblioteca Municipal de Redondo | 054532 | 821.111(73)-3 BRA | Livro |